| 000 | 00407nam a2200145Ia 4500 | ||
|---|---|---|---|
| 008 | 230717s9999 xx 000 0 und d | ||
| 020 | _a81-85019-43-6 | ||
| 041 | _aeng | ||
| 082 |
_a338.9 _bSHI |
||
| 100 | _aShiva V | ||
| 245 | _aFuture Of Progress : Reflections On Environment And Development | ||
| 260 |
_aDehradun _bNatraj Publishers _c1994 |
||
| 700 | _a Goldsmith E. | ||
| 700 | _a Norberg-hodge H. | ||
| 999 |
_c670757 _d670757 |
||